Southville International School and Colleges
Your cart is empty.
  • Cart
  • Lists
    Public lists Eva Luna New books Lux_list list_1
    Your lists Log in to create your own lists
  • Log in to your account
  • Your cookies
  • Search history
Southville International School and Colleges
  • Advanced search
  • Recent comments
  • Most popular
  • Libraries

Log in to your account

Log in with GOOGLE


If you do not have an external account, but do have a local account, you can still log in:

  1. Home
  2. MARC view: HIP hotels :
Normal view MARC view ISBD view

HIP hotels : (Record no. 39418)

[ view plain ]
MARC details
000 -LEADER
fixed length control field 00531nam a2200193 a 4500
005 - DATE AND TIME OF LATEST TRANSACTION
control field 20140311163015.0
008 - FIXED-LENGTH DATA ELEMENTS--GENERAL INFORMATION
fixed length control field 070110s19uu xx 00 eng d
020 ## - INTERNATIONAL STANDARD BOOK NUMBER
International Standard Book Number 0500281319
050 ## - LIBRARY OF CONGRESS CALL NUMBER
Classification number TX 907
Item number .Y6523 2000
100 ## - MAIN ENTRY--PERSONAL NAME
Personal name Ypma, Herbert
245 ## - TITLE STATEMENT
Title HIP hotels :
Remainder of title escape /
Statement of responsibility, etc Herbert Ypma
260 ## - PUBLICATION, DISTRIBUTION, ETC. (IMPRINT)
Place of publication, distribution, etc London :
Name of publisher, distributor, etc Thames & Hudson Ltd,
Date of publication, distribution, etc 2000.
300 ## - PHYSICAL DESCRIPTION
Extent 256 p. :
Other physical details col. ill. ;
Dimensions 24 cm.
521 ## - TARGET AUDIENCE NOTE
Target audience note
650 ## - SUBJECT ADDED ENTRY--TOPICAL TERM
Topical term or geographic name as entry element Hotels
General subdivision Guidebooks.
650 ## - SUBJECT ADDED ENTRY--TOPICAL TERM
Topical term or geographic name as entry element Hotels
General subdivision Pictorial works.
942 ## - ADDED ENTRY ELEMENTS (KOHA)
Koha item type Books
Source of classification or shelving scheme Library of Congress Classification
Call number prefix Foreign
Holdings
Withdrawn status Lost status Source of classification or shelving scheme Damaged status Home library Current library Shelving location Date acquired Source of acquisition Cost, normal purchase price Total Checkouts Full call number Barcode Date last seen Date checked out Copy number Price effective from Koha item type
    Library of Congress Classification   College Library College Library General Circulation Section 07/26/2010   1279.00 1 TX 907 .Y6523 2000 C8077 05/15/2018 01/05/2016 1 10/10/2013 Books

HIP hotels :

APA

Ypma H., . (2000). HIP hotels. London: Thames & Hudson Ltd.

Chicago

Ypma Herbert, . 2000. HIP hotels. London: Thames & Hudson Ltd.

Harvard

Ypma H., . (2000). HIP hotels. London: Thames & Hudson Ltd.

MLA

Ypma Herbert, . HIP hotels. London: Thames & Hudson Ltd. 2000.

  • Place hold
  • Print
  • Cite
  • Add to your cart (remove)
  • Save record
    BIBTEX Dublin Core MARCXML MARC (non-Unicode/MARC-8) MARC (Unicode/UTF-8) MARC (Unicode/UTF-8, Standard) MODS (XML) RIS
  • More searches
    Search for this title in:
    Other Libraries (WorldCat) Other Databases (Google Scholar) Online Stores (Bookfinder.com) Open Library (openlibrary.org)

Exporting to Dublin Core...

SOUTHVILLE LIBRARY

Southville International School and Colleges Library

1281 Tropical Ave. Cor. Luxembourg St., BF Homes International, Las Pinas City

Tel. No. 8256374 / 252358 Loc. 117/146

Powered by Koha